Alicia en el país de las maravillas : (Registro nro. 11948)
[ vista simple ]
| 000 -LIDER | |
|---|---|
| fixed length control field | 00833nam a22002657a 4500 |
| 001 - NÚMERO DE CONTROL | |
| Identificador de número de control | 0011763 |
| 003 - IDENTIFICACDOR DE NÚMERO DE CONTROL | |
| control field | DO-SdBNP |
| 005 - DATE AND TIME OF LATEST TRANSACTION | |
| control field | 20231121104616.0 |
| 007 - CAMPOS FIJOS DE DESCRIPCIÓN FÍSICA | |
| fixed length control field | 0011763 |
| 008 - ELEMENTOS DE LONGITUD FIJA | |
| fixed length control field | 161114b2002 cl |00| 0 spa d |
| 020 ## - ISBN | |
| International Standard Book Number | 9789583008986 |
| 040 ## - FUENTE DE CATALOGACIÓN | |
| Agencia que crea de manera original el registro | BPMSU |
| Idioma de catalogación | spa |
| Agencia que realiza la transcripción | BPMSU |
| 082 #4 - NÚMERO DE CLASIFICACIÓN DECIMAL DE DEWEY | |
| Item number | C319a 2002 |
| Classification number | 823 |
| Edition number | 22 |
| 100 1# - ASIENTO PRINCIPAL -- NOMBRE PERSONAL | |
| Nombre personal | Carroll, Lewis |
| Fechas asociadas con el nombre | 1832-1898 |
| 245 10 - MENCIÓN DE TITULO | |
| Título | Alicia en el país de las maravillas : |
| Subtítulo | el conejo / |
| Mención de responsabilidad | Lewis Carroll ; ilustraciones Henry González |
| 260 ## - PUBLICACIÓN, DISTRIBUCIÓN, ETC. (PIE DE IMPRENTA) | |
| Lugar de publicación, distribución, etc | Bogotá : |
| Nombre del editor, distribuidor, etc. | Editorial Panamericana, |
| Fecha de publicación, distribución, etc | 2002. |
| 300 ## - DESCRIPCIÓN FÍSICA | |
| Extensión | 8 p. : |
| Otros detalles físicos | il., ; |
| Dimensiones | 27 cm. |
| 490 0# - MENCIÓN DE SERIES | |
| Mención de serie | Biblioteca del cuento |
| 590 ## - NOTA LOCAL | |
| Texto de la nota local | Inventariado, 2023/VM |
| 650 #4 - ENCABEZAMIENTO DE MATERIA--TEMÁTICO | |
| Término temático o nombre geográfico como elemento de entrada | Cuentos infantiles ingleses |
| 650 #4 - ENCABEZAMIENTO DE MATERIA--TEMÁTICO | |
| Término temático o nombre geográfico como elemento de entrada | Literatura infantil inglesa |
| 700 1# - ASIENTO SECUNDARIO -- NOMBRE PERSONAL | |
| Nombre personal | González, Henry, |
| Mención de responsabilidad | il. |
| 910 ## - VALIDACIÓN | |
| Validación | BTAVÁREZ/ VMateo V. Control de calidad. BPMSU |
| 942 ## - ADDED ENTRY ELEMENTS (KOHA) | |
| Source of classification or shelving scheme | Dewey Decimal Classification |
| Koha item type | Libros |
| Withdrawn status | Lost status | Source of classification or shelving scheme | Damaged status | Not for loan | Collection code | Home library | Current library | Date acquired | Total Checkouts | Full call number | Barcode | Date last seen | Price effective from | Koha item type | Copy number |
|---|---|---|---|---|---|---|---|---|---|---|---|---|---|---|---|
| Dewey Decimal Classification | Colección Infantil General | Biblioteca Pública Metropolitana Salomé Ureña | Biblioteca Pública Metropolitana Salomé Ureña | 11/14/2016 | BPMSU CGI 823 C319a 2002 | BPMSU16111305 | 11/14/2016 | 11/14/2016 | Libros | ||||||
| Dewey Decimal Classification | Colección Infantil General | Biblioteca Pública Metropolitana Salomé Ureña | Biblioteca Pública Metropolitana Salomé Ureña | 11/29/2016 | BPMSU CGI 823 C319a 2002 | BPMSU16111623 | 11/29/2016 | 11/29/2016 | Libros | e.2 | |||||
| Dewey Decimal Classification | Colección Infantil General | Biblioteca Pública Metropolitana Salomé Ureña | Biblioteca Pública Metropolitana Salomé Ureña | 11/29/2016 | BPMSU CGI 823 C319a 2002 | BPMSU16111624 | 11/29/2016 | 11/29/2016 | Libros | e.3 |